000 00698nam a2200241Ia 4500
003 OSt
005 20221002045137.0
006 a|||||r|||| 00| 0
007 ta
008 220930b |||||||| |||| 00| 0 eng d
020 _a9780521698580 (pbk)
024 _a26418
037 _bGift, 05/05/2016,
_cReference Collections
040 _aCRL
_cCRL
_beng
041 _2eng
_aeng
082 _aP111,4:4k, P6(RR)
245 0 _aCambridge phrasal verbs dictionary
260 _aNew Delhi
_bCambridge University Press
_c2006
300 _a505p.
_ccm.
650 _aLINGUISTICS
942 _hP111,4:4k, P6(RR)
_cref
_2CC
999 _c911873
_d911873